000 00679nam a2200253Ia 4500
003 OSt
005 20220926010221.0
006 a|||||r|||| 00| 0
007 ta
008 220923b |||||||| |||| 00| 0 eng d
020 _a0706914546
037 _cGeneral Book
040 _aRTL
_cRTL
_beng
041 _2eng
_aeng
082 _aX:89F, L9;M1/TD3
100 _aPandey I. M.
245 0 _aFinancial Management
250 _a2
260 _a New Delhi
_bVikas Publishing House
_c1981
300 _axv, 647p.
_ccm.
500 _aBibliography chapterwise
942 _hX:89F, L9;M1/TD3
_cGB
_2CC
999 _c616731
_d616731